|
|
|
|
| LEADER |
00000nab a2200000ua 4500 |
| 001 |
vtls010758399 |
| 003 |
SK-MaSNL |
| 005 |
20260304203741.0 |
| 008 |
250718s2006 xo |||||||||||||||||slo| |
| 035 |
|
|
|a (urnnbn)urn:nbn:sk:snk:ar-a02fo1
|
| 035 |
|
|
|a (uuid)434c7f15-50d7-4aab-95ca-a5d5380476a5
|
| 035 |
|
|
|a urn:nbn:sk:snk-ab4krk
|
| 040 |
|
|
|a SNKBUCL
|b slo
|c SNKBUCL
|e AACR2
|
| 041 |
0 |
|
|a slo
|
| 044 |
|
|
|a xo
|c SK
|
| 100 |
1 |
|
|a Franková, Monika
|4 aut
|9 1135552
|
| 245 |
1 |
0 |
|a 35. seminár Záhrebskej slavistickej školy
|c Monika Franková
|
| 773 |
0 |
|
|t Slavica Slovaca : časopis pre slovanskú filológiu : orgán Slovenského výboru slavistov
|g Roč. 41, č. 2 (2006), s. 175-177
|
| 850 |
|
|
|a Slovenská národná knižnica
|
| 852 |
|
|
|a Slovenská národná knižnica
|
| 954 |
|
|
|a odborná, vedecká literatúra pôvodná (slovenská)
|2 lita
|
| 958 |
|
|
|a article3
|
| 958 |
|
|
|a OND
|
| 958 |
|
|
|a EUIPO
|
| 999 |
|
|
|c 3111821
|d 3113751
|